| 000 | 00896nam a22002297a 4500 | ||
|---|---|---|---|
| 001 | 3828 | ||
| 003 | FISKH | ||
| 005 | 20250821133033.0 | ||
| 008 | 240515b cb ||||| |||| 00| 0 eng d | ||
| 020 | _a9781848102330 | ||
| 040 |
_aFISKH _beng _cFISKH _dFISKH |
||
| 050 | _aTL570.B393 | ||
| 082 | _a629.13 | ||
| 100 | _aBecklake, Sue | ||
| 245 |
_aFlight : _bProjects. Quizzes. Fun Facts. Cartoon / _cSue Becklake ; Consultant : Chris Oxlade |
||
| 260 |
_aSan Diego : _bSilver Dolphin Books, _c2008. |
||
| 300 |
_a48 pages : _bcolor illustrations ; _c30 cm |
||
| 490 | _a100 facts | ||
| 520 | _aThese 100 facts about flight are accompanied by detailed photographs to challenge children, acting as an incentive as they make their way through the book. Projects to make and do, amazing facts and cartoons add an extra element of fun. | ||
| 650 |
_aAirplanes _xAviation |
||
| 942 |
_2ddc _cBK _n0 |
||
| 999 |
_c3828 _d3828 |
||